Ekonomika a riadenie obchodného podniku Praktikum

Guardado en:
Detalles Bibliográficos
Autor principal: Janeček, Milan
Autor Corporativo: Vysoká škola ekonomická v Bratislave. Obchodná fakulta
Formato: Libro
Lenguaje:eslovaco
Publicado: Bratislava VŠE 1986
Edición:1. vyd.
Etiquetas: Agregar Etiqueta
Sin Etiquetas, Sea el primero en etiquetar este registro!

MARC

LEADER 00000nam a2200000 4500
001 c025596
005 20221219100454.5
041 0 |a slo 
044 |a SK 
245 1 0 |a Ekonomika a riadenie obchodného podniku  |b Praktikum  |c Milan Janeček 
250 |a 1. vyd. 
264 1 |a Bratislava  |b VŠE  |c 1986 
300 |a 200 s. 
100 1 |a Janeček, Milan 
710 2 |a Vysoká škola ekonomická v Bratislave. Obchodná fakulta